| 000 | 03001nam0a2200457 i 4500 | ||
|---|---|---|---|
| 001 | RU\NLR\BIBL_A\011133395 | ||
| 005 | 20260407093040.0 | ||
| 021 |
_aRU _b2016-36459 _92344 |
||
| 029 | 1 | 0 |
_aRU _b33724.2-2016 _cГОСТ |
| 035 | _a(NILC)RuMoRGB-008477569 | ||
| 035 | _a(NLR Aleph) 011133395 | ||
| 090 |
_a11580672 _c11580672 |
||
| 100 | _a20160523d2016 k y0rusy50 ca | ||
| 101 | 0 | _arus | |
| 102 | _aRU | ||
| 105 | _ay l 000|y | ||
| 200 | 1 |
_aОборудование тормозное пневматическое железнодорожного подвижного состава _iТребования безопасности и методы контроля _hч. 2 _iКран вспомогательного тормоза, клапан аварийного экстренного торможения, кран пневматического резервного управления тормозами, приставка крана машиниста _dPneumatic brake equipment of the railway rolling stock. Safety requirements and inspection procedures. Part 2. Valve of pneumatic reserve control of brakes, emergency braking valve, backup brake control pneumatic valve, add-on device of drive's valve _zeng _eГОСТ 33724.2-2016 _fразраб. Центром Техн. Компетенции (ООО "ЦТК") |
|
| 205 | _aИзд. офиц. | ||
| 210 |
_aМосква _cСтандартинформ _d2016 |
||
| 215 |
_aIII, 10 с. _d29 |
||
| 225 | 1 |
_aМежгосударственный стандарт _fМежгос. совет по стандартизации, метрологии и сертификации |
|
| 239 | _aВвед. 01.11.2016 | ||
| 510 | 1 |
_aPneumatic brake equipment of the railway rolling stock _zeng |
|
| 510 | 1 |
_aSafety requirements and inspection procedures _zeng |
|
| 510 | 1 |
_aValve of pneumatic reserve control of brakes, emergency braking valve, backup brake control pneumatic valve, add-on device of drive's valve _zeng |
|
| 517 | 1 | _aГОСТ 33724.2-2016 | |
| 606 | 1 |
_aАвтотормоза _jСтандарты _xКраны _92307199 _3RU\NLR\AUTH\6601607011 |
|
| 610 | 0 | _aкран вспомогательного тормоза | |
| 610 | 0 | _aклапан аварийного экстренного торможения | |
| 610 | 0 | _aкран пневматического резервного управления тормозами | |
| 610 | 0 | _aприставка крана машиниста | |
| 675 | _a621.512:629.4:006.354 | ||
| 686 |
_a45.060 _v2000 _2oks |
||
| 686 | 1 | _aО261.16-047я861 | |
| 712 | 0 | 2 |
_4900 _aЦентр технической компетенции _cМосква _9542300 _3RU\NLR\AUTH\880439045 |
| 712 | 0 | 2 |
_4725 _aМежгосударственный совет по стандартизации, метрологии и сертификации _9321571 _3RU\NLR\AUTH\8823529 |
| 801 | 0 |
_aRU _bРГБ _c20160505 _gRCR |
|
| 942 | _cBOOK | ||
| 980 | _aNBR | ||